000
00332nam a2200133Ia 4500
008
191201s1989 xx 000 0 und d
082
_a
677.02832
_b
LEH
100
_a
LEWIN, menachem
245
0
_a
High Technology Fibers Part B
260
_a
New York
_b
Marcel Dekker
_c
1989
300
_a
332
650
_a
B.Tech(TE)
942
_2
ddc
_c
BK
999
_c
3380
_d
3380